Language Quiz

Random Language or Country Quiz

Translate the country's name from Swedish to English Quiz Stats

 Plays Quiz not verified by Sporcle

Challenge
Share
Tweet
Embed
Score 0/10 Timer 06:00
0 Plays Today
Swedish Name English Name % Correct
RysslandRussia
100%
PolenPoland
100%
LibyenLibya
98.9%
Nya ZeelandNew Zealand
97.8%
StorbritannienUnited Kingdom
93.4%
SverigeSweden
93.4%
SydafrikaSouth Africa
91.2%
VatikanstatenVatican City
90.1%
UngernHungary
86.8%
TysklandGermany
76.9%

You're not logged in!

Compare scores with friends on all Sporcle quizzes.
Join for Free
OR
Log In

You Might Also Like...

Show Comments

Extras

Top Quizzes Today


Score Distribution

Your Account Isn't Verified!

In order to create a playlist on Sporcle, you need to verify the email address you used during registration. Go to your Sporcle Settings to finish the process.

Report this User

Report this user for behavior that violates our Community Guidelines.

Details: